The earth-space sciences; (Record no. 183777)

000 -LEADER
fixed length control field 00747 a2200169 4500
003 - CONTROL NUMBER IDENTIFIER
control field Nust
005 - DATE AND TIME OF LATEST TRANSACTION
control field 20221013155829.0
020 ## - INTERNATIONAL STANDARD BOOK NUMBER
International Standard Book Number 0844556351
040 ## - CATALOGING SOURCE
Transcribing agency Nust
082 ## - DEWEY DECIMAL CLASSIFICATION NUMBER
Classification number Hibbs , Albert R.
245 ## - TITLE STATEMENT
Title The earth-space sciences;
Remainder of title investigating man’s environment
Statement of responsibility, etc. by Albert R. Hibbs and Albert F. Eiss
260 ## - PUBLICATION, DISTRIBUTION, ETC.
Place of publication, distribution, etc. Canada
Name of publisher, distributor, etc. Laidlaw Brothers
Date of publication, distribution, etc. 1974
300 ## - PHYSICAL DESCRIPTION
Extent 576:p
505 ## - FORMATTED CONTENTS NOTE
Formatted contents note Unit 1: Man, Science , Earth ,and Space (Page-10), Unit 2: The Universe (Page-42) Unit 3: The Solar System (Page-142), Unit 4: The Nature of The Earth (Page-218), Unit 5: The Earths Surface (Page-298) Unit 6: Rocks , Fossils , an d Minerals (Page-412), Unit 7: The Earths Environment (Page-476).
650 ## - SUBJECT ADDED ENTRY--TOPICAL TERM
Topical term or geographic name entry element Earth Space
9 (RLIN) 100224
942 ## - ADDED ENTRY ELEMENTS (KOHA)
Source of classification or shelving scheme
Koha item type Book
Holdings
Withdrawn status Lost status Source of classification or shelving scheme Damaged status Not for loan Permanent Location Current Location Shelving location Date acquired Full call number Barcode Date last seen Price effective from Koha item type Public note
          Military College of Signals (MCS) Military College of Signals (MCS) General Stacks 12/12/2016 551,HIB MCS21199 12/08/2016 12/12/2016 Book Almirah No.25, Shelf No.5
© 2023 Central Library, National University of Sciences and Technology. All Rights Reserved.